000 00554nam a22001817a 4500
003 OSt
082 _a631.587
_bSAJ/GR
088 _a325
100 _aSajeena S
245 _aGround Water Resources Modelling of a Watershed using Modflow
260 _aK.C.A.E.T Thavanur
_bDEPARTMENT OF LAND AND WATER RESOURCES AND CONSERVATION ENGINEERING
300 _a178
650 _aGround water resources
_93502
700 _aDr. Kurien E.K
856 _uhttps://drive.google.com/open?id=1czpoyqUYmx3NKDuRLimzS6eWH4-6Vhem
942 _cTH
999 _c14772
_d14772